00405nam a2200109Ia 4500082001600000245006600016100005000082942000700132008004100139999001900180952009600199 aTSO KF VARK 0aXilolwana xa nkateko na mphikizano wa xibye xa Cola [Tsonga]  a VARKEL, Adrian Johannesburg, 2008 914995 cBK210817s9999 xx 000 0 und d c224861d224859 00104070aENTOLbENTOLd2021-08-18g215.00l0p33228022899874r2021-08-18w2021-08-18yBK